[Event "Empresa A"]
[Site "Montreal CAN"]
[Date "2006.08.08"]
[Round "1"]
[White "Onischuk,Al"]
[Black "Miton,K"]
[Result "0-1"]
[WhiteElo "2668"]
[BlackElo "2638"]
[EventDate "2006.08.08"]

1. d4 d5 2. c4 dxc4 3. e4 Nc6 4. Nf3 Bg4 5. Bxc4 e6 6. Bb5 Bxf3 7. gxf3
Bb4+ 8. Nc3 Nge7 9. a3 Bxc3+ 10. bxc3 a6 11. Bd3 e5 12. d5 Na5 13. f4 exf4
14. Bxf4 O-O 15. Rg1 Ng6 16. Bg5 Qd6 17. Rg3 c6 18. Qa4 b6 19. c4 f5 20.
Rd1 f4 21. Rg1 Ne5 22. Be2 c5 23. Qc2 h6 24. Bh4 b5 25. cxb5 axb5 26. Qc3
b4 27. axb4 cxb4 28. Qh3 Kh7 29. Qe6 Qxe6 30. dxe6 g5 31. Kf1 gxh4 32. Rd5
Nac6 33. f3 Rfe8 34. Kf2 Rxe6 35. Rb1 Ra2 36. Kf1 h3 0-1

[Event "Empresa A"]
[Site "Montreal CAN"]
[Date "2006.08.08"]
[Round "1"]
[White "Korneev,O"]
[Black "Timofeev,Arty"]
[Result "0-1"]
[WhiteElo "2638"]
[BlackElo "2657"]
[EventDate "2006.08.08"]

1. e4 c5 2. Nf3 d6 3. d4 cxd4 4. Nxd4 Nf6 5. Nc3 e6 6. Be3 Nc6 7. Qd2 Be7
8. f3 O-O 9. O-O-O d5 10. Qe1 e5 11. Nxc6 bxc6 12. exd5 cxd5 13. Bg5 Be6
14. Bc4 Bb4 15. Qxe5 Bxc3 16. bxc3 Nd7 17. Qg3 Qa5 18. Bb3 Rfc8 19. Be3
Qa3+ 20. Kd2 a5 21. Bd4 f6 22. Rhe1 Bf7 23. Qg4 Rd8 24. Re6 a4 25. Bxd5 Nf8
26. Rxf6 Bxd5 27. Rf5 g6 28. Re1 Bxa2 29. Rb5 Rd7 30. Rb4 Rc8 31. Re3 Be6
32. Qf4 Rxc3 33. Rb8 Rxe3 34. Qxe3 Qd6 35. Rxf8+ Kxf8 36. c3 a3 37. Ke2
Qa6+ 38. Kf2 a2 39. Qf4+ Rf7 40. Qb8+ Qc8 41. Qd6+ Ke8 42. c4 Qxc4 43. Bc5
Qxc5+ 44. Qxc5 a1=Q 0-1

[Event "Empresa A"]
[Site "Montreal CAN"]
[Date "2006.08.08"]
[Round "1"]
[White "Eljanov,P"]
[Black "Gulko,B"]
[Result "1/2-1/2"]
[WhiteElo "2651"]
[BlackElo "2570"]
[EventDate "2006.08.08"]

1. d4 e6 2. c4 Nf6 3. Nc3 Bb4 4. Qc2 c5 5. dxc5 O-O 6. a3 Bxc5 7. Nf3 b6 8.
Bf4 Nh5 9. Bg5 Be7 10. h4 Bb7 11. O-O-O d6 12. e4 Nd7 13. Be2 h6 14. Be3
Nhf6 15. Nd4 h5 16. Ndb5 Qb8 17. f3 Rc8 18. g4 hxg4 19. fxg4 Ne5 20. g5
Nfd7 21. Kb1 Nxc4 22. Bc1 a6 23. Nd4 Qc7 24. Rh3 Qc5 25. Nb3 Qf2 1/2-1/2

[Event "Empresa A"]
[Site "Montreal CAN"]
[Date "2006.08.09"]
[Round "2"]
[White "Ibragimov,I"]
[Black "Sutovsky,E"]
[Result "1/2-1/2"]
[WhiteElo "2624"]
[BlackElo "2607"]
[EventDate "2006.08.08"]

1. c4 Nf6 2. Nc3 e5 3. g3 Bb4 4. Bg2 O-O 5. Nf3 Bxc3 6. dxc3 d6 7. O-O Nc6
8. Qc2 Be6 9. b3 h6 10. Nh4 Qd7 11. e4 Bh3 12. Bxh3 Qxh3 13. Nf5 Rae8 14.
f3 Ne7 15. Ne3 Nh7 16. Qg2 Qd7 17. g4 Ng5 18. h4 Ne6 19. h5 Nf4 20. Qh2 g5
21. Nd5 Nexd5 1/2-1/2

[Event "Empresa A"]
[Site "Montreal CAN"]
[Date "2006.08.09"]
[Round "2"]
[White "Timofeev,Arty"]
[Black "Eljanov,P"]
[Result "1/2-1/2"]
[WhiteElo "2657"]
[BlackElo "2651"]
[EventDate "2006.08.08"]

1. e4 c5 2. Nf3 Nc6 3. d4 cxd4 4. Nxd4 Nf6 5. Nc3 e5 6. Ndb5 d6 7. Bg5 a6
8. Na3 b5 9. Nd5 Be7 10. Nxe7 Nxe7 11. Bd3 Bb7 12. Qe2 Nd7 13. c4 b4 14.
Nc2 a5 15. O-O Nc5 16. f3 O-O 17. Rfd1 Qc7 18. b3 Nc6 19. Rab1 a4 20. Qe1
axb3 21. axb3 Qb6 22. Be3 Ra2 23. Rd2 Rd8 24. Bf1 Qa5 25. Qd1 Qc7 26. Bf2
Raa8 27. Ne3 Nd4 28. Rxd4 exd4 29. Nc2 Rdb8 30. Nxd4 Bc6 31. Nf5 Rd8 32.
Qd2 f6 33. Nd4 Rab8 34. Nb5 Qa5 35. Be1 Ne6 36. Qxb4 Qxb4 37. Bxb4 Bxb5 38.
cxb5 Kf7 39. Bc4 Ke7 40. Rd1 g5 41. Rd5 Nf4 42. Rd2 Ne6 43. Kf2 Rd7 44. Ba5
Nc7 45. Bxc7 Rxc7 46. Ra2 Rbb7 47. Ra8 Rc5 48. Rh8 Rcxb5 49. Rxh7+ Kf8 50.
Rh8+ Ke7 51. Bd5 Rc7 52. Kg3 f5 53. Rh7+ Kd8 54. Rh6 Ke7 55. Re6+ Kd7 56.
Rg6 fxe4 57. fxe4 Rc3+ 58. Kg4 Rc2 59. Kh3 Rc3+ 60. g3 Ra5 61. Rxg5 Ra2 62.
Rg7+ Kd8 63. Rg6 Ke7 64. Rg7+ Kf6 65. Rf7+ Kg5 66. Rf5+ Kg6 67. b4 Rb2 68.
b5 Rcc2 69. Kg4 Rxh2 70. Bc6 Rhd2 71. Be8+ Kg7 72. Rf7+ Kg8 73. Rf3 Rf2 74.
Rf5 Rg2 75. Bc6 Kg7 76. e5 Rb4+ 77. Kh3 Rd2 78. e6 Re2 79. Bd7 Re3 80. Rf7+
Kg8 81. Rf5 Kg7 82. Rd5 Rbb3 83. Kh4 Kf6 84. Rg5 Re5 85. Rg8 d5 86. g4 Re4
87. Rf8+ Ke7 88. Rf5 d4 89. Rd5 d3 90. Bc8 Reb4 91. Rd7+ Kxe6 92. Rxd3+ Ke7
93. Rd7+ Kf6 94. Rd6+ Kg7 95. Bd7 Rxb5 96. Bxb5 Rxb5 97. Rc6 1/2-1/2

[Event "Empresa A"]
[Site "Montreal CAN"]
[Date "2006.08.09"]
[Round "2"]
[White "Miton,K"]
[Black "Korneev,O"]
[Result "1/2-1/2"]
[WhiteElo "2638"]
[BlackElo "2638"]
[EventDate "2006.08.08"]

1. e4 e5 2. Nf3 Nc6 3. Bb5 Nf6 4. d3 Bc5 5. c3 O-O 6. Bg5 h6 7. Bh4 Be7 8.
Nbd2 d6 9. O-O Bd7 10. Nc4 Re8 11. Re1 a6 12. Bxc6 Bxc6 13. Ne3 1/2-1/2

[Event "Empresa A"]
[Site "Montreal CAN"]
[Date "2006.08.10"]
[Round "3"]
[White "Onischuk,Al"]
[Black "Ibragimov,I"]
[Result "1-0"]
[WhiteElo "2668"]
[BlackElo "2624"]
[EventDate "2006.08.08"]

1. d4 Nf6 2. c4 e6 3. Nc3 Bb4 4. Qc2 O-O 5. e4 d5 6. e5 Ne4 7. Bd3 c5 8.
Nge2 Nc6 9. cxd5 exd5 10. O-O cxd4 11. Nxd5 Qxd5 12. Bxe4 Qxe5 13. a3 Re8
14. Bxh7+ Kh8 15. Bd3 Bf8 16. Ng3 Bg4 17. Bd2 Qc5 18. Qxc5 Bxc5 19. f4 Be6
20. Ne4 Bb6 21. Nd6 Red8 22. Nxb7 Rd7 23. Rac1 Rxb7 24. Rxc6 a5 25. Rfc1
Rd8 26. f5 Bd5 27. Rc8 Rb8 28. Rxb8 Rxb8 29. Bf4 Re8 30. Kf2 f6 31. g3 a4
32. Re1 Rc8 33. Re7 Bc4 34. Ke2 Bb3 35. h4 Bc5 36. Rb7 Bd5 37. Rb8 Rxb8 38.
Bxb8 Bc6 39. Bc4 Kh7 40. Bf4 Bd7 41. g4 g6 42. Be6 Bb5+ 43. Kd2 1-0

[Event "Empresa A"]
[Site "Montreal CAN"]
[Date "2006.08.10"]
[Round "3"]
[White "Korneev,O"]
[Black "Mikhalevski,V"]
[Result "1/2-1/2"]
[WhiteElo "2638"]
[BlackElo "2571"]
[EventDate "2006.08.08"]

1. e4 e5 2. Nf3 Nc6 3. Bb5 a6 4. Ba4 Nf6 5. O-O Nxe4 6. d4 b5 7. Bb3 d5 8.
dxe5 Be6 9. Be3 Be7 10. c3 O-O 11. Nbd2 Qd7 12. Re1 Rad8 13. Bc2 Bf5 14.
Nxe4 Bxe4 15. Bxe4 dxe4 16. Qxd7 Rxd7 17. e6 fxe6 18. Nd2 Ne5 19. Nxe4 Nd3
20. Re2 Rf5 21. f3 c5 22. b3 c4 23. b4 Bd8 24. a4 a5 25. bxa5 Bxa5 26. Rc2
Rfd5 27. Kf1 bxa4 28. Rxa4 Rb7 29. Rxc4 Rb1+ 30. Ke2 Ne1 31. Rc1 Rxc1 32.
Bxc1 Nxg2 33. Ng5 e5 34. Rc8+ Rd8 35. Rc5 Ra8 36. Ne4 Bb6 37. Rxe5 Bc7 38.
Rg5 Nf4+ 39. Bxf4 Bxf4 40. Rg4 Bxh2 41. f4 h5 42. Nf6+ Kf7 43. Nxh5 g6 44.
Ng3 Ra4 45. Kf3 Bxg3 46. Rxg3 Kf6 47. Kg4 g5 48. Rf3 Re4 49. Kg3 gxf4+ 50.
Rxf4+ Ke5 51. Rf3 Kd5 1/2-1/2

[Event "Empresa A"]
[Site "Montreal CAN"]
[Date "2006.08.10"]
[Round "3"]
[White "Eljanov,P"]
[Black "Miton,K"]
[Result "1/2-1/2"]
[WhiteElo "2651"]
[BlackElo "2638"]
[EventDate "2006.08.08"]

1. d4 d5 2. c4 e6 3. Nf3 Nf6 4. Nc3 Bb4 5. cxd5 exd5 6. Bg5 Nbd7 7. e3 c5
8. Bd3 c4 9. Bf5 Nb6 10. Bc2 Bg4 11. h3 Bh5 12. Ba4+ Kf8 13. Bc2 Qd6 14.
Bxf6 Qxf6 15. g4 Bg6 16. Ne5 Qe6 17. g5 Nc8 18. Bxg6 hxg6 19. Qa4 Bxc3+ 20.
bxc3 Nd6 21. f3 Kg8 22. O-O-O Rxh3 23. Rxh3 Qxh3 24. Qa5 Qe6 25. Rh1
1/2-1/2

[Event "Empresa A"]
[Site "Montreal CAN"]
[Date "2006.08.10"]
[Round "3"]
[White "Sutovsky,E"]
[Black "Gulko,B"]
[Result "1-0"]
[WhiteElo "2607"]
[BlackElo "2570"]
[EventDate "2006.08.08"]

1. e4 c5 2. Nf3 d6 3. d4 cxd4 4. Nxd4 Nf6 5. Nc3 Nc6 6. Bg5 e6 7. Qd2 Be7
8. O-O-O O-O 9. f4 h6 10. Bh4 Nxd4 11. Qxd4 Qa5 12. Bc4 e5 13. fxe5 dxe5
14. Qd3 Bg4 15. Rdf1 Rac8 16. Bxf6 Bxf6 17. Kb1 Bh4 18. g3 Be7 19. Nd5 Qc5
20. Bb3 a6 21. h3 Be6 22. Qe2 b5 23. Rf3 Qa7 24. Rhf1 Qb7 25. a3 Bd8 26. g4
Bh4 27. Qh2 Qb8 28. Ne3 g6 29. Bxe6 fxe6 30. Ng2 Rxf3 31. Rxf3 Bg5 32. h4
Bd2 33. Rd3 Bf4 34. Qh1 Rd8 35. Qd1 Rxd3 36. Qxd3 Qb6 37. Ka2 Qf2 38. Nxf4
Qxf4 39. Qd8+ Kf7 40. Qd7+ Kf8 41. Qc8+ Ke7 42. Qc7+ Ke8 43. Qc6+ Ke7 44.
Qb7+ Kf6 45. Qa8 Ke7 46. Qa7+ Kf6 47. Qc5 Kf7 48. Qc7+ Ke8 49. Qc6+ Ke7 50.
Qxa6 Qxg4 51. Qb7+ Kf6 52. Qb8 Ke7 53. Qc7+ Kf6 54. Qd8+ Kf7 55. Qd7+ Kf8
56. Qxb5 Qxe4 57. a4 Ke7 58. a5 Kd6 59. a6 Kc7 60. a7 Qa8 61. Qxe5+ Kb7 62.
Qg7+ Kb6 63. Qxg6 Qd5+ 64. b3 Qa5+ 65. Kb1 Qe1+ 66. Ka2 Qa5+ 67. Kb2 Qe5+
68. c3 Kxa7 69. Qg1+ Kb7 70. Qg2+ Kc7 71. b4 Qf4 72. Qg7+ Kc6 73. Qd4 Qf5
74. c4 e5 75. Qd5+ Kb6 76. Ka3 Qb1 77. Qb5+ Ka7 78. Qa5+ Kb7 79. Qxe5 Qc1+
80. Ka4 Qxc4 81. Qb5+ Qxb5+ 82. Kxb5 h5 83. Kc5 Ka6 84. Kc6 Ka7 85. b5 Kb8
86. Kb6 Ka8 87. Kc7 1-0

[Event "Empresa A"]
[Site "Montreal CAN"]
[Date "2006.08.11"]
[Round "4"]
[White "Timofeev,Arty"]
[Black "Sutovsky,E"]
[Result "1/2-1/2"]
[WhiteElo "2657"]
[BlackElo "2607"]
[EventDate "2006.08.08"]

1. e4 e5 2. Nf3 Nc6 3. Bb5 a6 4. Ba4 Nf6 5. O-O b5 6. Bb3 Be7 7. Re1 O-O 8.
d4 Nxd4 9. Nxd4 exd4 10. e5 Ne8 11. c3 dxc3 12. Nxc3 d6 13. Qf3 Be6 14. Nd5
Bxd5 15. Bxd5 Rb8 16. Be3 c5 17. Rad1 Qc7 18. e6 fxe6 19. Bxe6+ Kh8 20. Qh3
g6 21. b4 c4 22. Bd5 Bf6 23. Be4 Qf7 24. Bd5 Qc7 25. Be4 Qf7 26. Bd5
1/2-1/2

[Event "Empresa A"]
[Site "Montreal CAN"]
[Date "2006.08.11"]
[Round "4"]
[White "Mikhalevski,V"]
[Black "Eljanov,P"]
[Result "0-1"]
[WhiteElo "2571"]
[BlackElo "2651"]
[EventDate "2006.08.08"]

1. d4 Nf6 2. c4 e6 3. g3 d5 4. Bg2 Bb4+ 5. Bd2 Be7 6. Nf3 O-O 7. O-O c6 8.
Qc2 b6 9. Bf4 Ba6 10. b3 Nbd7 11. Rd1 Rc8 12. Nc3 h6 13. h3 Re8 14. e4 dxc4
15. Nd2 b5 16. bxc4 bxc4 17. Qa4 Bb5 18. Qxa7 g5 19. Be3 Ra8 20. Qb7 Rb8
21. Qa7 Qc8 22. d5 Ra8 23. Nxb5 cxb5 24. Qd4 exd5 25. Qc3 b4 26. Qc2 c3 27.
Nb3 dxe4 28. h4 Ne5 29. hxg5 hxg5 30. Bxg5 Nf3+ 31. Bxf3 exf3 32. Nd4 Qh3
33. Nxf3 Bc5 34. Nh2 Ne4 35. Bf4 b3 36. axb3 Nxf2 37. Rf1 Nd1+ 38. Kh1 Rxa1
39. Rxd1 Rxd1+ 40. Qxd1 c2 0-1

[Event "Empresa A"]
[Site "Montreal CAN"]
[Date "2006.08.12"]
[Round "5"]
[White "Gulko,B"]
[Black "Timofeev,Arty"]
[Result "1/2-1/2"]
[WhiteElo "2570"]
[BlackElo "2657"]
[EventDate "2006.08.08"]

1. Nf3 d5 2. d4 e6 3. c4 c6 4. cxd5 exd5 5. Nc3 Nf6 6. Bf4 Bd6 7. Bxd6 Qxd6
8. e3 Bf5 9. Bd3 Bxd3 10. Qxd3 Nbd7 11. O-O O-O 12. Rab1 1/2-1/2

[Event "Empresa A"]
[Site "Montreal CAN"]
[Date "2006.08.12"]
[Round "5"]
[White "Sutovsky,E"]
[Black "Miton,K"]
[Result "1-0"]
[WhiteElo "2607"]
[BlackElo "2638"]
[EventDate "2006.08.08"]

1. e4 e5 2. Nf3 Nf6 3. d4 Nxe4 4. Bd3 d5 5. Nxe5 Nd7 6. Nxd7 Bxd7 7. O-O
Bd6 8. Qh5 Nf6 9. Re1+ Be7 10. Qf3 O-O 11. Bf4 Re8 12. Nd2 Bg4 13. Qg3 Qd7
14. h3 Nh5 15. Rxe7 Rxe7 16. Qh4 g6 17. Be5 Be6 18. g4 f6 19. Bh2 Ng7 20.
Qxf6 Bxg4 21. hxg4 Qxg4+ 22. Bg3 Rae8 23. Qf3 Qg5 24. Qf4 Qh5 25. Nf1 Rf7
26. Qd2 Nf5 27. Bxf5 gxf5 28. Re1 Re4 29. Rxe4 fxe4 30. Ne3 c6 31. Qa5 b6
32. Qa6 Qg6 33. Qc8+ Rf8 34. Qc7 h5 35. Ng2 Rf7 36. Qd8+ Rf8 37. Qe7 Rf7
38. Qd8+ Rf8 39. Qe7 Rf7 40. Qe8+ Kh7 41. Nf4 Qf6 42. Ne6 Kh6 43. Bf4+ Kg6
44. Be3 Qf5 45. Kf1 Qf3 46. Ke1 1-0

[Event "Empresa A"]
[Site "Montreal CAN"]
[Date "2006.08.13"]
[Round "6"]
[White "Ibragimov,I"]
[Black "Timofeev,Arty"]
[Result "1/2-1/2"]
[WhiteElo "2624"]
[BlackElo "2657"]
[EventDate "2006.08.08"]

1. e4 c5 2. Nf3 Nc6 3. Nc3 e5 4. Bc4 d6 5. d3 Be7 6. O-O Nf6 7. Ng5 O-O 8.
f4 exf4 9. Bxf4 h6 10. Nf3 Be6 11. Nd5 Bxd5 12. exd5 Na5 13. Nh4 Nxc4 14.
dxc4 Nxd5 15. Qxd5 Bxh4 16. Bxd6 Be7 17. Rad1 b6 18. Be5 Bg5 19. Bd6 Be7
20. Be5 Bg5 21. Bd6 1/2-1/2

[Event "Empresa A"]
[Site "Montreal CAN"]
[Date "2006.08.14"]
[Round "7"]
[White "Eljanov,P"]
[Black "Ibragimov,I"]
[Result "1-0"]
[WhiteElo "2651"]
[BlackElo "2624"]
[EventDate "2006.08.08"]

1. d4 e6 2. c4 Bb4+ 3. Nd2 f5 4. g3 Nf6 5. Bg2 O-O 6. Ngf3 b6 7. Ne5 Ne4 8.
O-O Bxd2 9. Bxd2 Bb7 10. Nd3 Nc6 11. e3 Ne7 12. Be1 Nd6 13. c5 Ne4 14. b4
Nd5 15. a4 d6 16. Rc1 Qe8 17. Qc2 Rd8 18. c6 Bc8 19. b5 e5 20. Qb2 exd4 21.
Qxd4 Be6 22. Bxe4 fxe4 23. Qxe4 Qf7 24. Bd2 Bh3 25. f3 Bxf1 26. Rxf1 Rde8
27. Qd4 Nf6 28. Nf4 Qb3 29. Bc3 Re5 30. Qd3 Rd5 31. Nxd5 Nxd5 32. Rb1 Qxc3
33. Qxd5+ Kh8 34. Qe4 h6 35. Rf1 Qf6 36. Qd4 Qf7 37. e4 Re8 38. f4 Qa2 39.
Re1 Qc2 40. e5 dxe5 41. fxe5 Qa2 42. Qe4 Qe6 43. Re2 Rd8 44. Kg2 Kg8 45. h4
Rd1 46. Kh2 Rd5 47. Qf4 Rc5 48. Qd4 Rd5 49. Qc4 Kf7 50. Qf4+ Kg8 51. Qc4
Kf7 52. Kg2 Kg8 53. h5 Kh8 54. g4 Kg8 55. Kg3 Kf7 56. Qf4+ Ke7 57. Qf5 Rd1
58. Rf2 Rg1+ 59. Kh2 Qxf5 60. gxf5 Rg5 61. Rd2 Rxf5 62. Rd7+ Ke6 63. Rxc7
Rxh5+ 64. Kg3 Rg5+ 65. Kh4 Rxe5 66. Rxa7 Re4+ 67. Kg3 g5 68. a5 bxa5 69. b6
Rb4 70. c7 1-0

[Event "Empresa A"]
[Site "Montreal CAN"]
[Date "2006.08.14"]
[Round "7"]
[White "Timofeev,Arty"]
[Black "Miton,K"]
[Result "1/2-1/2"]
[WhiteElo "2657"]
[BlackElo "2638"]
[EventDate "2006.08.08"]

1. e4 e5 2. Nf3 Nc6 3. Bb5 a6 4. Ba4 d6 5. Bxc6+ bxc6 6. d4 f6 7. Qd3 Be6
8. dxe5 fxe5 9. Ng5 Qd7 10. f4 exf4 11. Bxf4 Be7 12. Nc3 Nf6 13. O-O-O Ng4
14. Qg3 Bxg5 15. Bxg5 O-O 16. Rhf1 Rxf1 17. Rxf1 Rf8 18. Rxf8+ Kxf8 19. Bf4
Nf6 20. Qd3 Qf7 21. Qxa6 Nxe4 22. Qa8+ Ke7 23. g3 Bd5 24. Qc8 Kf6 25. Qd8+
Kf5 26. a4 Nxc3 27. bxc3 h6 28. Qc8+ Kf6 29. Qa6 c5 30. Bd2 Bc4 31. Qb7 Ke6
32. Qc8+ Qd7 33. Qg8+ Qf7 34. Qc8+ Qd7 1/2-1/2

[Event "Empresa A"]
[Site "Montreal CAN"]
[Date "2006.08.14"]
[Round "7"]
[White "Gulko,B"]
[Black "Mikhalevski,V"]
[Result "1-0"]
[WhiteElo "2570"]
[BlackElo "2571"]
[EventDate "2006.08.08"]

1. Nf3 Nf6 2. c4 c5 3. g3 d5 4. d4 dxc4 5. Qa4+ Bd7 6. Qxc4 cxd4 7. Nxd4
Na6 8. Nc3 Rc8 9. Qb3 Nc5 10. Qd1 e5 11. Nf3 Nce4 12. Bg2 Bb4 13. O-O Nxc3
14. bxc3 Bxc3 15. Rb1 Qa5 16. Qd6 Ne4 17. Qa3 Qxa3 18. Bxa3 Bc6 19. Rfc1 f6
20. Nh4 Kf7 21. Nf5 Rcd8 22. Ne7 Nxg3 23. hxg3 Bxg2 24. Kxg2 Ba5 25. Rxb7
Rb8 26. Rxb8 Rxb8 27. Nc6 Rb5 28. Nxa7 1-0

[Event "Empresa A"]
[Site "Montreal CAN"]
[Date "2006.08.15"]
[Round "8"]
[White "Ibragimov,I"]
[Black "Miton,K"]
[Result "0-1"]
[WhiteElo "2624"]
[BlackElo "2638"]
[EventDate "2006.08.08"]

1. d4 Nf6 2. Nf3 g6 3. c4 Bg7 4. Nc3 d5 5. cxd5 Nxd5 6. g3 O-O 7. Bg2 Nb6
8. O-O Nc6 9. e3 Re8 10. h3 e5 11. d5 Na5 12. e4 c6 13. Nd2 cxd5 14. exd5
f5 15. Nb3 Nac4 16. Qe2 Bd7 17. a4 Nd6 18. Rd1 Rc8 19. Be3 a6 20. Bc5 Nbc4
21. a5 e4 22. Bb4 f4 23. gxf4 Qh4 24. Nd4 Bxh3 25. Bxh3 Qxh3 26. Ne6 Ne5
27. Ng5 Qh4 28. Ncxe4 Nxe4 29. Qxe4 Rc4 30. Qh1 Qxh1+ 31. Kxh1 Rxb4 32.
fxe5 Rh4+ 33. Kg2 Rg4+ 34. Kh3 Rxg5 35. f4 Rf5 36. Ra4 Rd8 37. d6 Kf7 38.
Rc4 Ke6 39. Rc7 Rf7 40. Rxf7 Kxf7 41. Rc1 Ke6 42. Kg4 Rf8 43. Rc7 Rf7 44.
Rc8 Bh6 45. Rc4 0-1

[Event "Empresa A"]
[Site "Montreal CAN"]
[Date "2006.08.15"]
[Round "8"]
[White "Mikhalevski,V"]
[Black "Timofeev,Arty"]
[Result "1/2-1/2"]
[WhiteElo "2571"]
[BlackElo "2657"]
[EventDate "2006.08.08"]

1. d4 d5 2. c4 e6 3. Nf3 c6 4. g3 dxc4 5. Bg2 b5 6. O-O Bb7 7. a4 Nd7 8.
Nc3 a6 9. Ne5 Qc8 10. Ne4 Be7 11. b3 Ngf6 12. Nxd7 Qxd7 13. bxc4 Nxe4 14.
Bxe4 O-O 15. Qc2 f5 16. Bf3 Qxd4 17. Rb1 b4 18. Rd1 Qf6 19. Rd7 Rab8 20. c5
Bc8 21. Rc7 e5 22. Bb2 Be6 23. Rxc6 Rfc8 24. Rxc8+ Rxc8 25. c6 b3 26. Qd3
f4 27. Qxa6 Qf5 28. Qd3 fxg3 29. hxg3 Qxd3 30. exd3 Bd6 31. Re1 Ra8 32. c7
Rc8 33. Bxe5 Bxe5 34. Rxe5 Rxc7 35. Rxe6 b2 36. Bd5 Kf8 37. Ba2 Rc1+ 38.
Kg2 Ra1 39. Rb6 Rxa2 40. Kf3 h5 41. a5 Kf7 42. a6 g5 43. a7 Rxa7 44. Rxb2
Rd7 45. Ke3 Re7+ 46. Kf3 Rd7 47. Ke3 Re7+ 48. Kd2 Kg6 49. Rb4 Rh7 50. Ke3
h4 51. g4 Rh8 52. Rb6+ Kg7 53. f4 1/2-1/2

[Event "Empresa A"]
[Site "Montreal CAN"]
[Date "2006.08.16"]
[Round "9"]
[White "Sutovsky,E"]
[Black "Eljanov,P"]
[Result "1/2-1/2"]
[WhiteElo "2607"]
[BlackElo "2651"]
[EventDate "2006.08.08"]

1. e4 e5 2. Nf3 Nf6 3. d4 Nxe4 4. Bd3 d5 5. Nxe5 Nd7 6. Nxd7 Bxd7 7. O-O
Bd6 8. Qh5 Nf6 9. Re1+ Kf8 10. Qe2 c6 11. Nd2 Qc7 12. Nf3 Bg4 13. Qe3 Bxf3
14. Qxf3 Bxh2+ 15. Kf1 Bd6 16. Bg5 Qd8 17. Qh3 Be7 18. Re3 Ng8 19. Rxe7
Nxe7 20. Re1 f6 21. Bd2 a5 22. Qe6 Ng8 1/2-1/2

[Event "Empresa A"]
[Site "Montreal CAN"]
[Date "2006.08.16"]
[Round "9"]
[White "Gulko,B"]
[Black "Korneev,O"]
[Result "1/2-1/2"]
[WhiteElo "2570"]
[BlackElo "2638"]
[EventDate "2006.08.08"]

1. c4 e5 2. Nc3 Nf6 3. Nf3 Nc6 4. g3 Bb4 5. Bg2 O-O 6. O-O e4 7. Ng5 Bxc3
8. bxc3 Re8 9. f3 e3 10. d3 d5 11. Qb3 Na5 12. Qa3 c6 13. cxd5 cxd5 14. f4
Bg4 15. Nf3 Nc6 16. h3 Bxf3 17. Rxf3 d4 18. Bb2 Rc8 19. Rb1 a5 20. cxd4 Nb4
21. Rc1 Rxc1+ 22. Bxc1 h5 23. Bb2 b6 1/2-1/2

[Event "Empresa A"]
[Site "Montreal CAN"]
[Date "2006.08.16"]
[Round "9"]
[White "Miton,K"]
[Black "Mikhalevski,V"]
[Result "1/2-1/2"]
[WhiteElo "2638"]
[BlackElo "2571"]
[EventDate "2006.08.08"]

1. Nf3 Nf6 2. c4 g6 3. Nc3 d5 4. cxd5 Nxd5 5. Qa4+ Bd7 6. Qh4 Nxc3 7. Qd4
f6 8. Qxc3 e5 9. d3 a5 10. Qc2 Bb4+ 11. Bd2 Nc6 12. e3 Qe7 13. a3 1/2-1/2